| 000 | 00665nam a2200193 4500 | ||
|---|---|---|---|
| 999 |
_c163594 _d163594 |
||
| 005 | 20190424142852.0 | ||
| 010 | _aENG-125074 | ||
| 020 |
_a9789381574027 _c330.00 |
||
| 035 | _aEN-108606 | ||
| 037 | _bDBAD/PUB | ||
| 082 | _a306.209 | ||
| 100 | _aBasu, Asoke | ||
| 245 |
_aThe rise of civil society in Bengal: _bduring the eighteenth and nineteenth centuries/ _cby Asoke Basu |
||
| 260 |
_aKolkata _bProfessor Mihir Kumar Chakrabarti _c2012 |
||
| 270 |
_aThe Asiatic Society, 1, Park Street _bKolkata _e700016 |
||
| 300 |
_axxii,265p. _c22cm.(Hb) |
||
| 500 | _aincludes bibliographical references and index | ||
| 942 |
_2ddc _cEN _h306.209 _mBAS |
||